000 01438cam a22003854i 4500
003 PE-LiUPU
005 20250731184056.0
008 150617s r 000 0 d
035 _a(Sirsi) a20073
040 _aPE-LiUPU
_bspa
_cPE-LiUPU
_erda
049 _aPRUA
082 0 4 _a801.959
_bL14
_221
245 0 0 _aAntología y comentarios de textos /
_cMaría Hortencia Palisa Mujica de Lacau, ed.
264 1 _aBuenos Aires :
_bKapelusz,
_c1962.
300 _a313 páginas ;
_c20 cm
336 _atext
_2rdacontent
337 _aunmediated
_2rdamedia
338 _avolume
_2rdacarrier
505 0 _aTextos y comentarios de textos -- Antología -- Breve antología infantil.
526 _aP145
526 _aP127
526 _aP97
526 _aP14
526 _aP07
650 1 4 _aLiteratura hispanoamericana
_vAntologías.
700 1 _aLacau, María Hortensia Palisa Mujica de,
_eeditor.
700 1 _aRosetti, Mabel V. Manacorda de,
_eeditor.
910 _ajck
_bjvq
_cjck
_d20150616
942 _2ddc
_cBOOK
949 _a801.959 L14
_wDEWEY
_c1
_i29384
_lCCODEBUL1
_mBUL
_p00.00
_r0
_sY
_tBOOK
_u2015-04-22
_xEDUCACION
_zUNKNOWN
_0COMPRA
_o.STAFF. Colección General
994 _aC0
_bPEPRU
596 _a1
999 _a801.959 L14
_wDEWEY
_c19949
_i29384
_f2021-11-5
_g5
_lCCODEBUL1
_mBUL
_r0
_sY
_tBOOK
_u2015-4-22
_xBIBLIOTECA
_zUNKNOWN
_0COMPRA
_o.STAFF. Colección General
_d19949
980 _81
_gALBERTO SANCHEZ Responsable de Automatización